Catálogo público

Fundamentos de Mercadotecnia / (Record no. 171682)

MARC details
000 -CABECERA
campo de control de longitud fija 00661nam a2200253Ia 4500
001 - NÚMERO DE CONTROL
campo de control dia_1136
003 - IDENTIFICADOR DEL NÚMERO DE CONTROL
campo de control CHAP
005 - FECHA Y HORA DE LA ÚLTIMA TRANSACCIÓN
campo de control 20230126095734.0
008 - DATOS DE LONGITUD FIJA--INFORMACIÓN GENERAL
campo de control de longitud fija 220117s1990 xx 000 0 und d
010 ## - NÚMERO DE CONTROL DE LA BIBLIOTECA DEL CONGRESO
Número de control de LC 171682
020 ## - NÚMERO INTERNACIONAL ESTÁNDAR DEL LIBRO
Número Internacional Estándar del Libro 968-24-3527-7
040 ## - FUENTE DE LA CATALOGACIÓN
Centro/agencia transcriptor CHAP
082 ## - NÚMERO DE LA CLASIFICACIÓN DECIMAL DEWEY
Número de clasificación 380.14 D3
100 ## - ENTRADA PRINCIPAL--NOMBRE DE PERSONA
Nombre de persona Daniel, Patricia
9 (RLIN) 150127
245 ## - MENCIÓN DE TÍTULO
Título Fundamentos de Mercadotecnia /
Mención de responsabilidad, etc. por Patricia Daniel
260 ## - PUBLICACIÓN, DISTRIBUCIÓN, ETC.
Lugar de publicación, distribución, etc. México :
Nombre del editor, distribuidor, etc. Trillas,
Fecha de publicación, distribución, etc. 1990
300 ## - DESCRIPCIÓN FÍSICA
Extensión 170 p.
503 ## - NOTA DE HISTORIA BIBLIOGRÁFICA (BK CF MU) [OBSOLETO]
Nota de historia bibliográfica C/e
650 ## - PUNTO DE ACCESO ADICIONAL DE MATERIA--TÉRMINO DE MATERIA
Término de materia o nombre geográfico como elemento de entrada 1.Mercadotecnia
9 (RLIN) 148006
901 ## - ELEMENTOS DE DATOS A LOCAL LDA (RLIN)
a 380.14 D3
902 ## - ELEMENTOS DE DATOS B LOCAL, LDB (RLIN)
a M
905 ## - ELEMENTOS DE DATOS E LOCAL, LDE (RLIN)
a 0000001990 MX X 0000000000SPA00
942 ## - ELEMENTOS DE PUNTO DE ACCESO ADICIONAL (KOHA)
Tipo de ítem Koha Libro
Fuente del sistema de clasificación o colocación Dewey Decimal Classification
Holdings
Estado de retiro Estado de pérdida Fuente del sistema de clasificación o colocación Estado dañado No para préstamo Código de colección Localización permanente Ubicación/localización actual Fecha de adquisición Información codificada de la localización en otra ubicación Total de préstamos Signatura topográfica completa Código de barras Fecha visto por última vez Número de copia Precio válido a partir de Tipo de ítem Koha
    Dewey Decimal Classification     General Ingenieria Agroindustrial Ingenieria Agroindustrial 18/01/2022 1   380.14 D3 dia_4373 18/01/2022 1 18/01/2022 Libro